000 00719nam a2200205Ia 4500
005 20241129110157.0
008 241129s9999||||xx |||||||||||||| ||und||
037 _aTB
040 _aARTS
_bpun
_cARTS
041 _apun
_2pun
084 _aNR4443x 153[R4]
_qARTS
100 _aਕੌਰ, ਖ਼ੁਸ਼ਮਿੰਦਰ, ਚ।
245 0 _aਟਿਕਟਾਂ ਦੋ ਲੈ ਲਈਂ
_cਕੌਰ, ਖ਼ੁਸ਼ਮਿੰਦਰ, ਚ।
260 _aਚੰਡੀਗੜ੍ਹ, ਭਾਰਤ
_bਚੰਡੀਗੜ੍ਹ ਯੂਨੀਸਟਾਰ
_c2023
300 _a307ਪ੍ਰ0
365 _aINR
_b595
650 _aArtsMusic-India
_9727437
942 _cTB
_hNR4443x 153[R4]
999 _c1227619
_d1227619